| 000 | 00473nam a2200181Ia 4500 | ||
|---|---|---|---|
| 001 | 17151 | ||
| 005 | 20260306170404.0 | ||
| 008 | 260306t2000||||xx |||||||||||||| ||und|| | ||
| 041 | _aESP | ||
| 082 |
_a657.48 _bB94 |
||
| 100 |
_aBurbano Ruíz, Jorge E. _eAUT |
||
| 245 | 0 |
_aPresupuestos: _benfoque moderno de planeación y control de recursos |
|
| 260 | _c2000 | ||
| 300 |
_axi, 376 páginas : _c23 cm. |
||
| 650 | _aGEN | ||
| 654 | _aCCO | ||
| 942 |
_cLIB _dJUS _fJUS _2ddc _n |
||
| 999 |
_c17151 _d17151 |
||